00940nam a2200253 a 450000100100000000500170001000800410002702000100006804000230007804300120010108200210011310000280013424500940016226000490025630000350030550400340034050000220037465100480039665100600044491000340050404900090053895201240054799900150067100000166320200929145643.0820119s1979 ja af b 001 0 eng  cY3500 aDO-SdBNPcDLCdDLC aa-ja--- a940.53144bW721j1 aWilliams, Justin.9541110aJapans political revolution under MacArthur :ba participants account /cJustin Williams. a[Tokyo] :bUniversity of Tokyo Press,c1979. axiv, 305 p. ; :bil. ;c24 cm. aBibliografía: p. [293]-297. aIncluye índice. 4aJapónxPolítica Y Gobiernoy1945-95412 4aJapónxHistoriayOCUPACIÓN ALIADA, 1945-1952.95413 aCatalogación por copia / LC aBNGR 001052708MOaGRbGRcCTd2009-07-03iLF1l0o940.53144 W721jp1663-10r2020-06-25w2020-06-25y2ZPréstamo interno c1546d1546